00348nam a2200133Ia 4500008004100000020001500041041001200056100002000068245007100088250000800159260002500167300000800192650001400200221030s9999 xx 000 0 und d a0070681899 aEnglish aD. Ravichandran 0aProgramming With C ++ With ANSI C ++ Standardscby D. Ravichandran a3rd bTMHaNew Delhic2014 a843 aComputers